000 00942nam a22002897a 4500
003 CHAP
005 20220329135143.0
008 971013s1981 r 00010 d
010 _a31787
011 _a32759
035 _a36874
040 _cCHAP
090 _aFolleto 10614
100 0 0 _aCrosson, Pierre R.
_929199
245 _aConservation tillage and conventional tillage
_b: a comparative assessment
260 _aAnkeny, Iowa :
_bSoil Conservation Society of America,
_c1981
300 _a35 p.
590 _aBATCH-UPD
_b10
_c20130110
_lUCH01
_h0033
590 _aBATCH-UPD
_b10
_c20130110
_lUCH01
_h1824
590 _aCONVERSION
_b10
_c20130109
_lUCH01
_h1318
650 1 4 _aLabranza.
_964303
901 _aBK
942 _cFOLL
949 _aFolleto 10614
_bBC
_cFOLL
_d-84768
_eTS1
_gI.130067
_i36874
_si
949 _aFolleto 10614
_bBC
_cFOLL
_d-84772
_eTS2
_fc.2
_i36874
_si
949 _aFolleto 10614
_bBC
_cFOLL
_d-84774
_eTS2
_fc3
_i36874
_si
999 _c31787
_d31787